banner koha

Cultivares de soja: macrorregiões 1,2 e 3 Centro-Sul do Brasil (Registro n. 78241)

MARC details
000 -LÍDER
campo de controle de tamanho fixo 01129nam a22004217a 4500
001 - NÚMERO DE CONTROLE
campo de controle BR2013001017
003 - IDENTIFICADOR DO NÚMERO DE CONTROLE
campo de controle BR-BrBNA
005 - DATA E HORÁRIO DA ÚLTIMA TRANSAÇÃO
campo de controle 20230928104124.0
007 - CAMPO FIXO DE DESCRIÇÃO FÍSICA--INFORMAÇÃO GERAL
campo de controle de tamanho fixo ta
008 - CAMPO DE DADOS FIXOS--INFORMAÇÃO GERAL
campo de controle de tamanho fixo 230509b bl.||||| |||| 00| 0 por d
040 ## - FONTE DA CATALOGAÇÃO
Instituição da catalogação original BR-BrBNA
Idioma da catalogação por
Instituição que transcreveu o registro Biblioteca Nacional de Agricultura
041 ## - CÓDIGO DE IDIOMA
Código do idioma do texto/trilha sonora ou título diferente (Por)
072 ## - CÓDIGO DE CATEGORIA DE ASSUNTO
Código de Categoria de Assunto F30
Código do objeto 0336
090 ## - NÚMERO DE CHAMADA LOCAL
-- 0336 BR2013001017
100 1# - ENTRADA PRINCIPAL--NOME PESSOAL
Nome pessoal Carneiro, G.E. de S.
100 1# - ENTRADA PRINCIPAL--NOME PESSOAL
Nome pessoal Pípolo, A.E.
100 1# - ENTRADA PRINCIPAL--NOME PESSOAL
Nome pessoal Melo, C.L.P. de
100 1# - ENTRADA PRINCIPAL--NOME PESSOAL
Nome pessoal Lima, D. de
100 1# - ENTRADA PRINCIPAL--NOME PESSOAL
Nome pessoal Miranda, L.C.
100 1# - ENTRADA PRINCIPAL--NOME PESSOAL
Nome pessoal Petek, M.R.
100 1# - ENTRADA PRINCIPAL--NOME PESSOAL
Nome pessoal Gomide, F.B.
100 1# - ENTRADA PRINCIPAL--NOME PESSOAL
Nome pessoal Dalbosco, M.
100 1# - ENTRADA PRINCIPAL--NOME PESSOAL
Nome pessoal Dengler, R.U.
110 1# - ENTRADA PRINCIPAL--NOME CORPORATIVO
Nome corporativo ou nome da jurisdição EMBRAPA Soja, Londrina, PR (Brasil)
245 1# - TÍTULO
Título Cultivares de soja: macrorregiões 1,2 e 3 Centro-Sul do Brasil
250 1# - EDIÇÃO
Edição 1. ed.
260 3# - PUBLICAÇÃO, DISTRIBUIÇÃO, ETC.
Local de publicação, distribuição, etc. Londrina, PR (Brasil):
Data da publicação, distribuição, etc. 2012.
300 ## - DESCRIÇÃO FÍSICA
Extensão 59 p.
500 ## - NOTA GERAL
Nota geral 21 illus.; 19 tables
650 ## - ASSUNTO--TERMO TÓPICO
Cabeçalho tópico ou nome geográfico SOJA
650 ## - ASSUNTO--TERMO TÓPICO
Cabeçalho tópico ou nome geográfico VARIEDADE
650 ## - ASSUNTO--TERMO TÓPICO
Cabeçalho tópico ou nome geográfico MATURAÇÃO
650 ## - ASSUNTO--TERMO TÓPICO
Cabeçalho tópico ou nome geográfico ÉPOCA DE SEMEADURA
650 ## - ASSUNTO--TERMO TÓPICO
Cabeçalho tópico ou nome geográfico POPULAÇÃO DE PLANTA
650 ## - ASSUNTO--TERMO TÓPICO
Cabeçalho tópico ou nome geográfico DENSIDADE DE SEMEADURA
909 ## -
-- 202309
-- Lucia
-- 55
-- Lucia Elande
942 ## - ELEMENTOS DE ENTRADA ADICIONADOS (KOHA)
Tipo de material Koha Livros
Exemplares
Situação do descarte Fonte da classificação ou esquema de arquivamento na estante Situação física Não pode ser emprestado Coleção Biblioteca de origem Biblioteca atual Total de empréstimos Número de telefone completo Código de barras Data de último acesso Número do exemplar Tipo de material Koha Situação das perdas Data de aquisição Fonte de aquisição
  Classificação AGRIS       Biblioteca Nacional de Agricultura - Binagri Biblioteca Nacional de Agricultura - Binagri   0336 BR2013001017 0336 BR2013001017 25/09/2023 01 Livros   2023-09-25 Portaria Interministerial nº 164/94

BINAGRI

Telefone: (61)3218-2567/2388/3357/2097 - binagri@agro.gov.br

Ministério da Agricultura e Pecuária , Esplanada dos Ministérios, Bloco D, Anexo B, Brasília/DF, CEP: 70.043-900